<?xml version="1.0" encoding="UTF-8"?>
<record
    xmlns:xsi="http://www.w3.org/2001/XMLSchema-instance"
    xsi:schemaLocation="http://www.loc.gov/MARC21/slim http://www.loc.gov/standards/marcxml/schema/MARC21slim.xsd"
    xmlns="http://www.loc.gov/MARC21/slim">

  <leader>00747nam a22001937a 4500</leader>
  <controlfield tag="003">SISC</controlfield>
  <controlfield tag="005">20190226123353.0</controlfield>
  <controlfield tag="008">190126b        xxu||||| |||| 00| 0 eng d</controlfield>
  <datafield tag="100" ind1=" " ind2=" ">
    <subfield code="a">Kallunki, Jenni ; Kallunki, Juha-Pekka ; Nilson, Henrik ; Puhakka, Mikko </subfield>
  </datafield>
  <datafield tag="245" ind1=" " ind2=" ">
    <subfield code="a">Do an insider's wealth and income matter in the decision to engage in insider trading?</subfield>
    <subfield code="c">Kallunki, Jenni ; Kallunki, Juha-Pekka ; Nilson, Henrik ; Puhakka, Mikko</subfield>
  </datafield>
  <datafield tag="260" ind1=" " ind2=" ">
    <subfield code="a">Amsterdam </subfield>
    <subfield code="b">Elsevier</subfield>
    <subfield code="c">2018</subfield>
  </datafield>
  <datafield tag="300" ind1=" " ind2=" ">
    <subfield code="a">pages 135-165</subfield>
  </datafield>
  <datafield tag="440" ind1=" " ind2=" ">
    <subfield code="a">Journal of Financial Economics </subfield>
    <subfield code="v">130 (1)</subfield>
  </datafield>
  <datafield tag="600" ind1=" " ind2=" ">
    <subfield code="2">Kallunki, Jenni ; Kallunki, Juha-Pekka ; Nilson, Henrik ; Puhakka, Mikko</subfield>
    <subfield code="9">1</subfield>
  </datafield>
  <datafield tag="650" ind1=" " ind2=" ">
    <subfield code="x">Insider trading</subfield>
  </datafield>
  <datafield tag="690" ind1=" " ind2=" ">
    <subfield code="x">Wealth</subfield>
  </datafield>
  <datafield tag="690" ind1=" " ind2=" ">
    <subfield code="x">Income</subfield>
  </datafield>
  <datafield tag="942" ind1=" " ind2=" ">
    <subfield code="2">lcc</subfield>
    <subfield code="c">SE</subfield>
  </datafield>
  <datafield tag="999" ind1=" " ind2=" ">
    <subfield code="c">361266</subfield>
    <subfield code="d">361266</subfield>
  </datafield>
</record>
